000 00284nam a2200133Ia 4500
100 _aSimons/David E
942 _cBK
654 _aembedded
245 _aAn embedded software Primer
260 _bPearson Education
_c2004
082 _a3.3
_bSIM
300 _a424
546 _aENGLISH
999 _c20195
_d20195